01538nam a2200421 i 450000100060000000300080000600500170001400600190003100700150005000800410006503500230010603500240012903500250015303500210017804000310019905000210023008000140025108200170026524500820028226400390036430000400040333600310044333700330047433800430050749000360055058801250058659001590071165000170087065000260088765000160091365100110092965100140094065500270095479700190098183000370100085600620103799900170109922489FlNmELB20241216214018.0m o d | cr cnu||||||||160412s2008 sp o 000 0 spa d a(MiAaPQ)EBC4423288 a(Au-PeEL)EBL4423288 a(CaPaEBR)ebr11162797 a(OCoLC)984781636 aFINmELBbspaerdacFINmELB 4aHD41bF9812 2008 a339.137.20 a338.604822300aCompetitividad y crecimiento :buna perspectiva regional /cFundación BBVA. 1aBilbao :bFundación BBVA,c2008. a1 recurso en línea (16 páginas) atextobtxt2rdacontent/spa acomputadorabc2rdamedia/spa arecurso en líneabcr2rdacarrier/spa1 aCapital y crecimiento ;v8/2008 aDescripción basada en recurso en línea; Título de la página del título en PDF (e-libro, visto April 12, 2016). aRecurso electronico. Santa Fe, Arg. : e-libro, 2016. Disponible via World Wide Web. El acceso puede ser limitado para las bibliotecas afiliadas a e-libro. 0aCompetition. 0aEconomic development. 4aEconomía. 0aSpain. 4aEspaña. 4aLibros electrónicos.2 ae-libro, Corp. 0aCapital y crecimiento ;v8/2008.40uhttps://elibro.net/ereader/politecnicointernacional/30745 c22489d22489